The Holy Bible, New International version (Record no. 6898)

MARC details
000 -LEADER
fixed length control field 00511nam a22001697a 4500
003 - CONTROL NUMBER IDENTIFIER
control field GBCCL
005 - DATE AND TIME OF LATEST TRANSACTION
control field 20251128113936.0
008 - FIXED-LENGTH DATA ELEMENTS--GENERAL INFORMATION
fixed length control field 180702b ||||| |||| 00| 0 eng d
040 ## - CATALOGING SOURCE
Transcribing agency gbc
082 ## - DEWEY DECIMAL CLASSIFICATION NUMBER
Classification number 220.52081
Item number BIB
245 ## - TITLE STATEMENT
Title The Holy Bible, New International version
250 ## - EDITION STATEMENT
Edition statement Reference ed.
Remainder of edition statement with concordance and maps
260 ## - PUBLICATION, DISTRIBUTION, ETC.
Place of publication, distribution, etc. London:
Name of publisher, distributor, etc. Hodder & Stoughton,
Date of publication, distribution, etc. 1986
300 ## - PHYSICAL DESCRIPTION
Extent xiii, 1328 p.;
Other physical details col. maps,
Dimensions 25 cm.
650 ## - SUBJECT ADDED ENTRY--TOPICAL TERM
Topical term or geographic name entry element Bible
Form subdivision New International Version
General subdivision English
9 (RLIN) 12316
942 ## - ADDED ENTRY ELEMENTS (KOHA)
Source of classification or shelving scheme Dewey Decimal Classification
Koha item type Reference Books
Holdings
Withdrawn status Lost status Source of classification or shelving scheme Damaged status Not for loan Home library Current Library Shelving location Date acquired Total checkouts Full call number Barcode Date last seen Copy number Price effective from Koha item type
    Dewey Decimal Classification     GRACE BIBLE COLLEGE GRACE BIBLE COLLEGE Bible 2018-07-02   220.52081 BIB 012897 2025-05-01 c.1 2018-07-02 Reference Books
    Dewey Decimal Classification     GRACE BIBLE COLLEGE GRACE BIBLE COLLEGE Bible 2018-07-02   220.52081 BIB 012913 2025-05-01 c.2 2018-07-02 Reference Books
    Dewey Decimal Classification     GRACE BIBLE COLLEGE GRACE BIBLE COLLEGE Bible 2018-07-02   220.52081 BIB 012929 2025-05-01 c.3 2018-07-02 Reference Books
    Dewey Decimal Classification     GRACE BIBLE COLLEGE GRACE BIBLE COLLEGE Bible 2018-07-04   220.52081 BIB 010434 2025-05-01 c.4 2018-07-04 Reference Books
    Dewey Decimal Classification     GRACE BIBLE COLLEGE GRACE BIBLE COLLEGE Bible 2018-07-04   220.52081 BIB 010439 2025-05-01 c.5 2018-07-04 Reference Books
    Dewey Decimal Classification     GRACE BIBLE COLLEGE GRACE BIBLE COLLEGE Bible 2018-07-04   220.52081 BIB 010440 2025-05-01 c.6 2018-07-04 Reference Books
© Grace Bible College Library 2025